An illustrated encyclopedia of aquarium fish

Bibliographic Details
Main Author: Sandford, Gina
Format: Book
Published: London : Quantum Books , 2004
Subjects:

MARC

LEADER 00000cam a2200000 7i4500
001 0000065568
005 20160817.0
008 160817
020 |a 1861609817 
020 |a 9781861609816 
090 0 0 |a 639.4   |b SAN 
100 1 |a Sandford, Gina 
245 1 3 |a An illustrated encyclopedia of aquarium fish   |c Gina Sandford 
260 |a London :   |b Quantum Books ,   |c 2004 
300 |a 256pg. :   |b Col.ill 
650 0 |a Fisheries 
999 |a 0000926057   |b Book   |c Adult Collection   |e Cawangan Bukit Gambir 
999 |a 0000926058   |b Book   |c Adult Collection   |e Cawangan Bukit Gambir 
999 |a 0000937718   |b Book   |c REFERENCE   |e Cawangan Tangkak